000 01053nam a22002537a 4500
008 240610b mp ||||| |||| 00| 0 mon d
020 _a978-99973-1-592-2
035 _a25409
040 _aHUV0167120
_bmon
_cMN-UlNLM
_dMN-UlNLM
_erda
041 _amon
042 _a66587
084 _2NNA
_a84.8(7АНУ)
_bК.41
100 _aКинни Ж.
245 0 _aДүрсгүй жаалын өдрийн тэмдэглэл=Diary of a Wimpy Kid:Эцсийн найдвар
264 _aУлаанбаатар
_bЦэнхэр гүзээлзгэнэ ХХК
_c2018
300 _a214х.
336 _2rdacontent
_atext
_btxt
337 _2rdamedia
_aunmediated
_bn
338 _2rdacarrier
_avolume
_bnc
490 _v5
650 _aДунд сургуульд тохиолдсон адал явдлуудын Грегийн тэмдэглэл. Сахлаа өдөрт хоёр удаа хусах шаардлагатай томоохон биетэй хөвгүүдийн...
942 _2NNA
_cBK
999 _c1057473
_d1057530